00598nam a22002057a 450000500170000001000110001702000100002803500110003803700160004904000120006508200150007710000240009224500580011626000430017427000530021730000240027050000520029465000230034665000230036920170124110152.0 a871210 c00.00 a871210 bCen Lib/Ret aDPLbEN a181.4bGUP aGupta, Shanti Nath  aThe indian concept of values /cby Shanti Nath Gupta  aNew Delhi bManohar Bokk Servicec1978 bNew Delhi a2, ansari road, dariya ganj e110002 axi, 197p.c19cm(Hb) aIncludes bibliographical references and index  aIndian Philosophy  aConcept of values